[Event "3rd EUR-ch"]
[Site "Batumi GEO"]
[Date "2002.06.17"]
[Round "6"]
[White "Aroshidze, Levan"]
[Black "Chigladze, Iveri"]
[Result "1-0"]
[WhiteElo "2346"]
[BlackElo "2149"]
[EventDate "2002.06.12"]
[PlyCount "171"]

1.e4 Nf6 2.e5 Nd5 3.c4 Nb6 4.d4 d6 5.exd6 exd6 6.Nc3 Be7 7.Bd3 O-O 8.Nge2 
Nc6 9.O-O Nb4 10.Bb1 Bg4 11.a3 Nc6 12.f3 Bh5 13.Nf4 Bg6 14.Nxg6 hxg6 15.b3
Bf6 16.Be3 Re8 17.Bf2 a5 18.Ba2 d5 19.c5 Nc8 20.Rb1 N8e7 21.g4 g5 22.b4 
axb4 23.axb4 Ra3 24.Bb3 Nxb4 25.Ba4 Nec6 26.Qc1 Rxa4 27.Nxa4 Nd3 28.Qd2 
Nxf2 29.Kxf2 Bxd4+ 30.Kg2 Qa8 31.Nc3 Qa5 32.Rb3 Re3 33.Rc1 g6 34.Rc2 Qa6 
35.Rb1 Qa5 36.Nxd5 Qxd2+ 37.Rxd2 Re5 38.Nxc7 Rxc5 39.Rxb7 Rc1 40.h3 Rg1+ 
41.Kh2 Rc1 42.Nd5 Ne5 43.Rb3 Ba7 44.Nf6+ Kg7 45.Ne4 Re1 46.Nxg5 Be3 47.
Rxe3 Rxe3 48.Kg2 f6 49.Ne6+ Kf7 50.Nd4 Rd3 51.Rxd3 Nxd3 52.h4 Nf4+ 53.Kg3 
Nd3 54.Ne2 Ne5 55.f4 Nc4 56.Nd4 Nd2 57.Kf2 Nc4 58.Ke2 Nb6 59.Kf3 Nc4 60.f5
Ne5+ 61.Kf4 Nd3+ 62.Ke3 Ne5 63.fxg6+ Kxg6 64.Kf4 Nd3+ 65.Kg3 Ne5 66.Nf3 
Nd3 67.Nd4 Ne5 68.Ne6 Kf7 69.Nf4 Nc4 70.Nd3 Ne3 71.Kf3 Nd5 72.Ke4 Ne7 73.
Nf4 Nc6 74.h5 Ne5 75.Kf5 Nc4 76.Nd5 Nd6+ 77.Kf4 Nc4 78.Ne3 Nd6 79.Nf5 Nc4 
80.Ke4 Nd2+ 81.Kd5 Nf3 82.Kd6 Nh2 83.Ne3 Kg7 84.Ke6 Kh6 85.Kf5 Kg7 86.Kf4 
1-0

[Event "3rd EUR-ch"]
[Site "Batumi GEO"]
[Date "2002.06.17"]
[Round "6"]
[White "Mareck, Sascha"]
[Black "Dovliatov, Sanan"]
[Result "0-1"]
[WhiteElo "2249"]
[BlackElo "2318"]
[EventDate "2002.06.12"]
[PlyCount "61"]

1.e4 e5 2.Nf3 Nc6 3.d4 exd4 4.Nxd4 Nf6 5.Nc3 Bb4 6.Nxc6 bxc6 7.Bd3 d5 8.
exd5 cxd5 9.O-O O-O 10.Bg5 c6 11.Qf3 Bd6 12.Rfe1 Rb8 13.Na4 Rb4 14.b3 Bg4 
15.Bxf6 Qxf6 16.Qxf6 gxf6 17.c4 Kg7 18.cxd5 cxd5 19.Rac1 Rd4 20.Be2 Bb4 
21.Red1 Rxd1+ 22.Bxd1 Ba3 23.Ra1 Bf5 24.Bf3 d4 25.Kf1 Bc2 26.Ke2 Bb4 27.a3
d3+ 28.Ke3 Re8+ 29.Kd4 Bd6 30.Kc4 Rc8+ 31.Kb5 0-1

[Event "3rd EUR-ch"]
[Site "Batumi GEO"]
[Date "2002.06.17"]
[Round "6"]
[White "Magalashvili, Davit"]
[Black "Karadeniz, Emre"]
[Result "0-1"]
[WhiteElo "2160"]
[BlackElo "2307"]
[EventDate "2002.06.12"]
[PlyCount "122"]

1.d4 d5 2.c4 c6 3.Nf3 e6 4.Qc2 dxc4 5.Qxc4 b5 6.Qc2 Bb7 7.g3 Nd7 8.Nc3 c5 
9.dxc5 Bxc5 10.Bg2 Rc8 11.Qd3 a6 12.O-O Ngf6 13.a3 Qb6 14.h3 O-O 15.e4 e5 
16.Nh4 g6 17.Bh6 Rfd8 18.Qd2 Kh8 19.Qg5 Rg8 20.Rad1 Bd4 21.Rd3 Nc5 22.Rxd4
exd4 23.e5 Bxg2 24.Kxg2 Nfd7 25.Ne2 Qc6+ 26.Kh2 Qe4 27.Nf4 Qxe5 28.Qxe5+ 
Nxe5 29.Bg5 Kg7 30.Nd5 Ne4 31.Bf4 Nc6 32.Nf3 Rge8 33.Nb6 Rcd8 34.Bc7 d3 
35.Kg2 d2 36.Bxd8 Rxd8 37.Rd1 f5 38.Kf1 Na5 39.Ke2 Nb3 40.a4 Rd6 41.Nc8 
Rc6 42.Ne7 Rc1 43.Nxd2 Rxd1 44.Kxd1 Nexd2 45.axb5 axb5 46.Kc2 Kf6 47.Nd5+ 
Ke5 48.Nc3 b4 49.Na2 Ke4 50.Nxb4 Kf3 51.Nd3 Ke2 52.h4 Nd4+ 53.Kc3 Nb5+ 54.
Kc2 Ne4 55.Ne5 Kxf2 56.g4 f4 57.Kd3 Ned6 58.g5 f3 59.h5 gxh5 60.g6 hxg6 
61.Nxg6 Kg3 0-1

[Event "3rd EUR-ch"]
[Site "Batumi GEO"]
[Date "2002.06.17"]
[Round "6"]
[White "Urushadze, Davit"]
[Black "Citak, Selim"]
[Result "1/2-1/2"]
[WhiteElo "2272"]
[BlackElo "2035"]
[EventDate "2002.06.12"]
[PlyCount "76"]

1.d4 Nf6 2.c4 g6 3.Nc3 d5 4.Nf3 Bg7 5.Bg5 Ne4 6.Bf4 Nxc3 7.bxc3 dxc4 8.e3 
b5 9.a4 c6 10.Qb1 Bf5 11.e4 Bd7 12.Bxc4 bxc4 13.Qb7 g5 14.Bg3 g4 15.Qxa8 
gxf3 16.Qxb8 fxg2 17.Qxd8+ Kxd8 18.Rg1 c5 19.Rxg2 cxd4 20.Bc7+ Kxc7 21.
Rxg7 dxc3 22.Rg3 Be6 23.Rxc3 Rg8 24.Kf1 Rb8 25.Ke2 Kc6 26.Kd2 a5 27.Kc2 
Rb4 28.Rg3 h6 29.Rg8 Kc5 30.Ra8 Kd4 31.Rxa5 Rb3 32.Rb5 Rc3+ 33.Kb2 Rd3 34.
a5 Rd2+ 35.Ka3 Rd3+ 36.Kb2 Rd2+ 37.Ka3 Rd3+ 38.Kb2 Rd2+ 1/2-1/2

[Event "3rd EUR-ch"]
[Site "Batumi GEO"]
[Date "2002.06.17"]
[Round "6"]
[White "Mamedyarova, Zeinab"]
[Black "Morchiashvili, Bachana"]
[Result "0-1"]
[WhiteElo "2312"]
[BlackElo "2167"]
[EventDate "2002.06.12"]
[PlyCount "140"]

1.d4 Nf6 2.c4 g6 3.Nf3 Bg7 4.g3 d5 5.Bg2 dxc4 6.O-O O-O 7.Na3 Nc6 8.Nxc4 
Be6 9.b3 Bd5 10.Ba3 a5 11.Rc1 Ne4 12.Ne3 Nf6 13.Nxd5 Nxd5 14.e4 Ndb4 15.d5
Ne5 16.Nxe5 Bxe5 17.Qd2 e6 18.f4 Bg7 19.Rf2 exd5 20.exd5 Qd6 21.Bf3 Rfe8 
22.Kg2 Rad8 23.Rd1 Qb6 24.h4 Re3 25.Re2 Rde8 26.Rxe3 Rxe3 27.d6 Rd3 28.d7 
Rxd2+ 29.Rxd2 Bf6 30.Bb2 Bd8 31.Re2 f6 32.Re8+ Kf7 33.Rxd8 Ke7 34.Rf8 Kxd7
35.Rxf6 Qe3 36.Bg4+ Kd8 37.Re6 Qd2+ 38.Re2 Qd5+ 39.Bf3 Qf7 40.Bc3 Kc8 41.
Re5 Nc6 42.Bd5 Qf8 43.Bxc6 bxc6 44.Rxa5 Qd6 45.Re5 Qd3 46.Be1 Qc2+ 47.Kh3 
Qxa2 48.b4 h5 49.g4 Qb3+ 50.Bg3 hxg4+ 51.Kxg4 Qxb4 52.h5 gxh5+ 53.Kxh5 c5 
54.f5 c4 55.Re6 Qb1 56.Kg5 Qg1 57.Kg4 c3 58.Re1 Qd4+ 59.Bf4 c2 60.Rc1 Qd1+
61.Kg5 Kd7 62.Kg6 Ke8 63.f6 Qd3+ 64.Kg7 Qd7+ 65.Kg6 Kf8 66.Ra1 Qd3+ 67.Kh5
Kf7 68.Kh4 Qd4 69.Rf1 Qxf4+ 70.Rxf4 c1=Q 0-1

[Event "3rd EUR-ch"]
[Site "Batumi GEO"]
[Date "2002.06.17"]
[Round "6"]
[White "Yilmaz, Turhan"]
[Black "Arman, Deniz"]
[Result "1/2-1/2"]
[WhiteElo "2303"]
[BlackElo "2119"]
[EventDate "2002.06.12"]
[PlyCount "142"]

1.e4 c5 2.Nf3 d6 3.d4 cxd4 4.Nxd4 Nf6 5.Nc3 a6 6.Bg5 e6 7.f4 Nc6 8.Nb3 b5 
9.a3 Qb6 10.Qd2 Ng4 11.Bd3 h6 12.Bh4 g5 13.Bg3 Qe3+ 14.Qxe3 Nxe3 15.Rg1 
gxf4 16.Bxf4 Ng4 17.Be2 Nge5 18.a4 b4 19.Nd1 Be7 20.Ne3 Bg5 21.Bxg5 hxg5 
22.h3 Rh4 23.Bg4 Nxg4 24.Nxg4 Ne5 25.Nf2 Bd7 26.O-O-O Rf4 27.Nh1 Rxe4 28.
Rxd6 Rc4 29.Nd2 Rc7 30.Re1 Ng6 31.b3 Bc6 32.g3 Ne5 33.Rd4 Rac8 34.Nc4 Nf3 
35.Rd3 Rd8 36.Rxd8+ Kxd8 37.g4 Nd4 38.Nf2 Bd5 39.Rd1 Ne2+ 40.Kb2 Nc3 41.
Rd4 Nxa4+ 42.Ka1 Nc3 43.Na5 Nb5 44.Rd2 Ke7 45.Nd3 Rc3 46.Nxb4 Be4 47.Re2 
Nd6 48.Ka2 Rxh3 49.Nxa6 f5 50.c4 Bf3 51.Re1 Ne4 52.c5 Rh2+ 53.Ka3 Be2 54.
Nc6+ Kf6 55.Nc7 Nxc5 56.Nd4 Bxg4 57.b4 Rh3+ 58.Ka2 Ne4 59.Ncxe6 Rd3 60.b5 
Nd6 61.b6 f4 62.Kb2 Re3 63.Rxe3 fxe3 64.Nc5 Nc4+ 65.Kc3 Nxb6 66.Kd3 Nd5 
67.Ke4 e2 68.Nxe2 Bxe2 69.Kxd5 Kf5 70.Kd4 Bc4 71.Kxc4 Kf4 1/2-1/2

[Event "3rd EUR-ch"]
[Site "Batumi GEO"]
[Date "2002.06.17"]
[Round "6"]
[White "Duman, Aydin"]
[Black "Klerides, Paris"]
[Result "1-0"]
[WhiteElo "2155"]
[BlackElo "2210"]
[EventDate "2002.06.12"]
[PlyCount "77"]

1.e4 c5 2.Nf3 d6 3.d4 cxd4 4.Nxd4 Nf6 5.Nc3 a6 6.Be2 e5 7.Nb3 Be7 8.O-O 
O-O 9.a4 Be6 10.f4 Qc7 11.Nd5 Bxd5 12.exd5 Nbd7 13.Be3 Nb6 14.Bxb6 Qxb6+ 
15.Kh1 Ne4 16.Qe1 f5 17.a5 Qc7 18.fxe5 dxe5 19.Bd3 Nc5 20.Nxc5 Bxc5 21.
Bxf5 g6 22.Qg3 Kg7 23.Be4 Bb4 24.h4 Rf4 25.Rxf4 exf4 26.Qg4 Re8 27.Bd3 Re5
28.Rf1 Bd2 29.Rd1 Be3 30.d6 Qd8 31.g3 Rh5 32.Qe6 Rxh4+ 33.Kg2 Rh5 34.Bc4 
Bc5 35.Qf7+ Kh8 36.d7 Rf5 37.Qe8+ Rf8 38.Qe5+ Rf6 39.Qxf6+ 1-0

[Event "3rd EUR-ch"]
[Site "Batumi GEO"]
[Date "2002.06.17"]
[Round "6"]
[White "Dzhakaev, Dzhaka"]
[Black "Essing, Arnold"]
[Result "1-0"]
[WhiteElo "2425"]
[BlackElo "2286"]
[EventDate "2002.06.12"]
[PlyCount "67"]

1.Nf3 d5 2.d4 e6 3.c4 c6 4.Qc2 f5 5.Bg5 Nf6 6.Nc3 Be7 7.e3 a6 8.Be2 O-O 9.
O-O Bd7 10.c5 Be8 11.Qb3 Qc8 12.Na4 Bd8 13.Ne5 h6 14.Bxf6 gxf6 15.Nd3 Nd7 
16.Nf4 Bf7 17.Bh5 Bxh5 18.Nxh5 Bc7 19.Nf4 Bxf4 20.exf4 Qc7 21.Rae1 Rae8 
22.Re3 Rf7 23.Rfe1 Nf8 24.g3 Rg7 25.Kh1 Qf7 26.Qd1 Qg6 27.b4 Rge7 28.Nb2 
Qg4 29.Qxg4+ fxg4 30.Nd3 Nd7 31.h3 h5 32.f5 Kf7 33.Nf4 e5 34.Ng6 1-0

[Event "3rd EUR-ch"]
[Site "Batumi GEO"]
[Date "2002.06.18"]
[Round "7"]
[White "Jobava, Baadur"]
[Black "Marin, Mihail"]
[Result "1/2-1/2"]
[WhiteElo "2566"]
[BlackElo "2556"]
[EventDate "2002.06.12"]
[PlyCount "149"]

1.d4 Nf6 2.c4 e6 3.Nc3 Bb4 4.e3 c5 5.Bd3 Nc6 6.Nf3 Bxc3+ 7.bxc3 d6 8.O-O 
e5 9.Nd2 O-O 10.Rb1 b6 11.Rb2 exd4 12.cxd4 cxd4 13.exd4 Bg4 14.f3 Bh5 15.
d5 Na5 16.Nb3 Qc7 17.Nxa5 Qc5+ 18.Rff2 Qxa5 19.Rb5 Qa6 20.Bg5 Rfe8 21.Bxf6
gxf6 22.Bf1 Qa3 23.Qa1 f5 24.h4 Qe3 25.Qf6 Qf4 26.g3 Qe5 27.Qg5+ Bg6 28.h5
f6 29.Qh4 Bf7 30.Rbb2 f4 31.gxf4 Qd4 32.Rd2 Qc3 33.Kh2 Kf8 34.Rg2 Re3 35.
Qg4 Ke7 36.Rde2 Rg8 37.Rxe3+ Qxe3 38.Re2 Qxe2+ 39.Bxe2 Rxg4 40.fxg4 h6 41.
Kg3 Kf8 42.Bd1 Be8 43.g5 Kg7 44.g6 Bd7 45.Bg4 Ba4 46.Kf2 Kf8 47.Ke3 Kg7 
48.Kd2 Kf8 49.Bd1 Bd7 50.Kc3 Kg7 51.Kb4 Kf8 52.Kc3 Kg7 53.Kd4 Kf8 54.Ke3 
Kg7 55.Kf2 Bf5 56.Be2 Bb1 57.a3 Bf5 58.Ke3 Kf8 59.Kd4 Bd7 60.Kc3 Kg7 61.
Kb4 Kf8 62.Bd1 Kg7 63.Kc3 Kf8 64.Kd3 Bf5+ 65.Ke3 Kg7 66.Be2 Kf8 67.Bd3 Bg4
68.f5 Bxh5 69.Be2 Bxe2 70.Kxe2 Kg7 71.Kd3 Kg8 72.Kc3 Kg7 73.a4 a5 74.Kd4 
Kg8 75.Ke4 1/2-1/2

[Event "3rd EUR-ch"]
[Site "Batumi GEO"]
[Date "2002.06.18"]
[Round "7"]
[White "Fedorov, Alexei"]
[Black "Radulski, Yulian"]
[Result "1-0"]
[WhiteElo "2598"]
[BlackElo "2501"]
[EventDate "2002.06.12"]
[PlyCount "87"]

1.e4 e5 2.Bc4 Nf6 3.d3 Nc6 4.Nf3 Be7 5.O-O O-O 6.Re1 d6 7.a4 Be6 8.c3 Bxc4
9.dxc4 Qc8 10.Nbd2 h6 11.Nf1 Qe6 12.b3 Rfe8 13.Ne3 Rac8 14.Nd5 Bf8 15.a5 
Nd8 16.a6 b6 17.Ra2 c6 18.Nxf6+ Qxf6 19.Ba3 Ne6 20.Bxd6 Rcd8 21.Rd2 Bxd6 
22.Rxd6 Qe7 23.Rxd8 Rxd8 24.Qc2 Qd6 25.h4 f6 26.b4 Nf4 27.g3 Qd7 28.Nh2 
Ne6 29.Nf1 Qd3 30.Qxd3 Rxd3 31.Rc1 g5 32.h5 Ng7 33.b5 Nxh5 34.c5 bxc5 35.
b6 axb6 36.a7 Rd8 37.Rd1 Ra8 38.Rd7 Ng7 39.Rb7 Ne8 40.Rb8 Rxa7 41.Rxe8+ 
Kf7 42.Rc8 Ra3 43.c4 b5 44.Rc7+ 1-0

[Event "3rd EUR-ch"]
[Site "Batumi GEO"]
[Date "2002.06.18"]
[Round "7"]
[White "Delchev, Alexander"]
[Black "Sulskis, Sarunas"]
[Result "1/2-1/2"]
[WhiteElo "2550"]
[BlackElo "2577"]
[EventDate "2002.06.12"]
[PlyCount "147"]

1.e4 e5 2.Bc4 Nf6 3.d3 Nc6 4.Nc3 Na5 5.Nge2 Nxc4 6.dxc4 Bc5 7.O-O d6 8.Qd3
Be6 9.b3 Qe7 10.Na4 Nd7 11.Bb2 O-O 12.Kh1 Bb6 13.f4 f6 14.f5 Bf7 15.Nxb6 
axb6 16.Nc3 Kh8 17.Rf2 g6 18.fxg6 Bxg6 19.Nd5 Qd8 20.b4 b5 21.cxb5 c6 22.
Ne3 d5 23.Nf5 Qb6 24.Raf1 Rxa2 25.Qb3 Rfa8 26.Ng3 Qxb5 27.Rxf6 Nxf6 28.
Bxe5 Kg8 29.Bxf6 R8a3 30.Qb1 Rxg3 31.hxg3 Rxc2 32.Qd1 Qe2 33.Qxe2 Rxe2 34.
exd5 cxd5 35.Kg1 h5 36.Rf2 Re1+ 37.Rf1 Re4 38.Rf4 Re2 39.Bd4 Rd2 40.Bc5 
Be4 41.Rf2 Rd3 42.Kh2 Kg7 43.Rf4 Kg6 44.Rf8 Rd2 45.Rf2 Rd1 46.Rf8 b5 47.
Rg8+ Kf7 48.Rf8+ Kg7 49.Rf4 Rd2 50.Rf2 Rd3 51.Rf4 Kg6 52.Rf2 Rb3 53.Kh3 
Bf5+ 54.Kh2 Kf6 55.Rf4 Ke6 56.Rf3 Rb1 57.Rf4 Rb2 58.Rf2 Rxf2 59.Bxf2 Ke5 
60.Bc5 Ke4 61.Kg1 Kd3 62.Kf2 Bg4 63.Ke1 d4 64.Bf8 Kc2 65.Bh6 Kc3 66.Bd2+ 
Kb3 67.Kf2 Be6 68.Ke2 Kc2 69.Bf4 d3+ 70.Ke1 Kc3 71.Bd2+ Kb3 72.Kf2 Bd5 73.
Ke3 Kc2 74.Be1 1/2-1/2

[Event "3rd EUR-ch"]
[Site "Batumi GEO"]
[Date "2002.06.18"]
[Round "7"]
[White "Sargissian, Gabriel"]
[Black "Sturua, Zurab"]
[Result "1/2-1/2"]
[WhiteElo "2538"]
[BlackElo "2565"]
[EventDate "2002.06.12"]
[PlyCount "91"]

1.d4 Nf6 2.c4 e6 3.Nf3 b6 4.e3 Bb7 5.Bd3 d5 6.O-O Bd6 7.b3 O-O 8.Nc3 Nbd7 
9.Bb2 a6 10.Qe2 Ne4 11.Na4 Qe7 12.Rac1 Rfc8 13.Rfd1 dxc4 14.bxc4 b5 15.
cxb5 axb5 16.Bxb5 c6 17.Bd3 Rxa4 18.Bxe4 Rxa2 19.Bb1 Raa8 20.Ne5 Bxe5 21.
dxe5 c5 22.Bxh7+ Kxh7 23.Qd3+ Kg8 24.Qxd7 Qxd7 25.Rxd7 Bd5 26.f3 Ra2 27.
Bc3 Rca8 28.e4 Bb3 29.h4 Re2 30.Rd2 Rxd2 31.Bxd2 Ra2 32.Be1 c4 33.Kh2 Bc2 
34.Kh3 Bd3 35.g4 Rb2 36.Kg3 Rb1 37.Rxb1 Bxb1 38.Kf4 Bc2 39.Bb4 Bd1 40.h5 
Kh7 41.Kg3 Bc2 42.Kf2 Bd1 43.g5 g6 44.h6 Kg8 45.Ke3 Kh7 46.f4 1/2-1/2

[Event "3rd EUR-ch"]
[Site "Batumi GEO"]
[Date "2002.06.18"]
[Round "7"]
[White "Gagunashvili, Merab"]
[Black "Izoria, Zviad"]
[Result "1/2-1/2"]
[WhiteElo "2472"]
[BlackElo "2556"]
[EventDate "2002.06.12"]
[PlyCount "47"]

1.e4 e6 2.d4 d5 3.Nd2 c5 4.exd5 exd5 5.Bb5+ Bd7 6.Qe2+ Be7 7.dxc5 Nf6 8.
Ngf3 O-O 9.Nb3 Re8 10.O-O Bxc5 11.Qd3 Bb6 12.Bg5 Bxb5 13.Qxb5 Nbd7 14.Rad1
Qc7 15.Nbd4 a6 16.Qd3 Ne4 17.Be3 Ndc5 18.Qa3 g6 19.Nb3 Ne6 20.Bxb6 Qxb6 
21.Qa5 Qa7 22.Nbd4 Rad8 23.Nxe6 fxe6 24.c4 1/2-1/2

[Event "3rd EUR-ch"]
[Site "Batumi GEO"]
[Date "2002.06.18"]
[Round "7"]
[White "Supatashvili, Khvicha"]
[Black "Graf, Alexander"]
[Result "1/2-1/2"]
[WhiteElo "2509"]
[BlackElo "2623"]
[EventDate "2002.06.12"]
[PlyCount "58"]

1.d4 e6 2.c4 f5 3.g3 Nf6 4.Bg2 d5 5.Nh3 c6 6.Nd2 Bd6 7.O-O O-O 8.Qc2 b6 9.
Nf3 Ba6 10.b3 Nbd7 11.Nf4 Qe7 12.Ng5 Bxf4 13.Bxf4 Rac8 14.cxd5 Nxd5 15.
Rfe1 c5 16.Bxd5 exd5 17.Nf3 c4 18.Ne5 Nxe5 19.Bxe5 cxb3 20.Qxb3 Rc4 21.
Rac1 Rf7 22.Rc3 Rxc3 23.Qxc3 Bc4 24.a3 Qd7 25.f3 b5 26.Qa5 h6 27.Kf2 Kh7 
28.Rg1 Qe6 29.Re1 Rb7 1/2-1/2

[Event "3rd EUR-ch"]
[Site "Batumi GEO"]
[Date "2002.06.18"]
[Round "7"]
[White "Baklan, Volodymyr"]
[Black "Kallio, Heikki"]
[Result "1-0"]
[WhiteElo "2618"]
[BlackElo "2502"]
[EventDate "2002.06.12"]
[PlyCount "77"]

1.e4 e5 2.Nf3 Nc6 3.Bb5 a6 4.Bxc6 dxc6 5.O-O f6 6.d4 Bg4 7.c3 Bd6 8.Be3 
Ne7 9.dxe5 fxe5 10.h3 Bh5 11.c4 c5 12.b4 b6 13.bxc5 bxc5 14.Nbd2 O-O 15.
Qa4 Qc8 16.Nh2 Qe6 17.Rab1 h6 18.f3 Rfd8 19.Rb2 Bf7 20.Ng4 Ng6 21.g3 h5 
22.Nf2 Nf4 23.h4 Be8 24.Qa3 Bd7 25.Re1 Nh3+ 26.Nxh3 Qxh3 27.Nf1 Rf8 28.Rf2
Rf6 29.Bxc5 Raf8 30.Bxd6 Rxd6 31.Qb3 Kh8 32.Rd1 Rg6 33.Qc3 Be6 34.Qxe5 
Bxc4 35.Qxh5+ Rh6 36.Qc5 Rf4 37.Rh2 Qe6 38.gxf4 Rg6+ 39.Rg2 1-0

[Event "3rd EUR-ch"]
[Site "Batumi GEO"]
[Date "2002.06.18"]
[Round "7"]
[White "Volkov, Sergei"]
[Black "Malakhatko, Vadim"]
[Result "1-0"]
[WhiteElo "2609"]
[BlackElo "2517"]
[EventDate "2002.06.12"]
[PlyCount "91"]

1.d4 d5 2.c4 e6 3.Nc3 Be7 4.Nf3 Nf6 5.Bg5 h6 6.Bxf6 Bxf6 7.e3 O-O 8.Qb3 c6
9.Be2 Nd7 10.O-O a6 11.Rfd1 b5 12.cxd5 cxd5 13.a4 bxa4 14.Nxa4 Rb8 15.Qc3 
Qe7 16.Ne1 e5 17.Bf3 Bb7 18.b4 Qd6 19.Nc5 Bc8 20.Nc2 Rb6 21.Ra5 e4 22.Be2 
Nb8 23.Na4 Rc6 24.Rc5 Be7 25.Ra1 f5 26.g3 g5 27.Qb3 Be6 28.Rxc6 Qxc6 29.
Nc5 Bf7 30.Nxa6 f4 31.b5 Qd6 32.b6 Nd7 33.b7 Qf6 34.b8=Q Nxb8 35.Nxb8 Be6 
36.Rf1 Kh8 37.exf4 gxf4 38.Nc6 Bd6 39.N2b4 Bh3 40.Nxd5 Qf7 41.Ne5 Bxe5 42.
dxe5 Bxf1 43.e6 Qxe6 44.Bxf1 e3 45.Qc3+ Kg8 46.Nxe3 1-0

[Event "3rd EUR-ch"]
[Site "Batumi GEO"]
[Date "2002.06.18"]
[Round "7"]
[White "Asrian, Karen"]
[Black "Minasian, Ara"]
[Result "1/2-1/2"]
[WhiteElo "2591"]
[BlackElo "2473"]
[EventDate "2002.06.12"]
[PlyCount "119"]

1.e4 e6 2.d4 d5 3.Nd2 dxe4 4.Nxe4 Nd7 5.Nf3 Ngf6 6.Nxf6+ Nxf6 7.c3 Be7 8.
Bd3 O-O 9.Qe2 b6 10.Bg5 Bb7 11.O-O h6 12.Bh4 Nh5 13.Bxe7 Qxe7 14.Be4 Bxe4 
15.Qxe4 Nf6 16.Qe2 c5 17.Rad1 Qb7 18.dxc5 bxc5 19.Ne5 Rab8 20.b3 Rfd8 21.
h3 Qc7 22.c4 a5 23.f4 Nd7 24.Ng4 h5 25.Nf2 Nf6 26.Qe3 a4 27.bxa4 Rxd1 28.
Rxd1 Rb4 29.Qe5 Qc8 30.Ne4 Nxe4 31.Qxe4 Rxa4 32.Qc2 Ra8 33.a4 Qc7 34.f5 
Qe5 35.fxe6 Qxe6 36.Kh1 g6 37.Qc3 Qa6 38.Ra1 Rd8 39.a5 Rd4 40.Qf3 Rd2 41.
Qf4 Rb2 42.Qe4 Qf6 43.Qf3 Qxf3 44.gxf3 Rb7 45.a6 Ra7 46.h4 f6 47.Ra5 Kf7 
48.Kg2 Ke6 49.Kg3 Kd6 50.Kf4 Kc6 51.Ra1 Kb6 52.Rg1 Rg7 53.Ke4 Re7+ 54.Kd3 
Rd7+ 55.Ke3 Re7+ 56.Kd3 Rd7+ 57.Ke3 Re7+ 58.Kf4 Rg7 59.Ke4 Re7+ 60.Kf4 
1/2-1/2

[Event "3rd EUR-ch"]
[Site "Batumi GEO"]
[Date "2002.06.18"]
[Round "7"]
[White "Kacheishvili, Giorgi"]
[Black "Guseinov, Gadir"]
[Result "1-0"]
[WhiteElo "2584"]
[BlackElo "2510"]
[EventDate "2002.06.12"]
[PlyCount "85"]

1.e4 c5 2.Nf3 Nc6 3.d4 cxd4 4.Nxd4 g6 5.c4 Bg7 6.Be3 Nf6 7.Nc3 O-O 8.Be2 
b6 9.f3 Bb7 10.O-O e6 11.Rc1 Qe7 12.Nxc6 Bxc6 13.Qd2 Rfd8 14.Bg5 d6 15.
Rfd1 Rd7 16.Qe3 Qf8 17.f4 Rc7 18.Rc2 Ne8 19.b3 Bh6 20.h4 f6 21.Bxh6 Qxh6 
22.Qg3 Rg7 23.Bg4 f5 24.Bf3 Rc8 25.Re2 Rf7 26.exf5 Bxf3 27.Qxf3 gxf5 28.g3
Rg7 29.Kh2 Rd8 30.Nb5 Rg6 31.Qc6 Qh5 32.Rdd2 Qg4 33.Re3 e5 34.Qd5+ Kh8 35.
fxe5 f4 36.Rf3 fxg3+ 37.Kg1 Qe6 38.Qxe6 Rxe6 39.exd6 a6 40.Rf8+ Kg7 41.Nc7
Re1+ 42.Rf1 Rxf1+ 43.Kxf1 1-0

[Event "3rd EUR-ch"]
[Site "Batumi GEO"]
[Date "2002.06.18"]
[Round "7"]
[White "Aronian, Levon"]
[Black "Gashimov, Vugar"]
[Result "0-1"]
[WhiteElo "2571"]
[BlackElo "2470"]
[EventDate "2002.06.12"]
[PlyCount "122"]

1.d4 Nf6 2.c4 e6 3.Nf3 c5 4.e3 d5 5.Nc3 dxc4 6.Bxc4 a6 7.O-O b5 8.Bb3 Bb7 
9.Re1 Nc6 10.d5 exd5 11.e4 dxe4 12.Bg5 Be7 13.Bxf6 Bxf6 14.Nxe4 O-O 15.
Nxc5 Na5 16.Nxb7 Nxb7 17.Bd5 Qb6 18.Qe2 Rad8 19.Rad1 Nd6 20.h4 g6 21.h5 
Nf5 22.hxg6 hxg6 23.g4 Nd4 24.Qe4 Nxf3+ 25.Qxf3 Kg7 26.Kg2 Bd4 27.Qe4 Bxb2
28.g5 Qc5 29.Rh1 Rfe8 30.Qf4 Re7 31.Qf3 Bd4 32.Bb3 Qxg5+ 33.Kf1 Qe5 34.Kg2
Rd6 35.Rde1 Qg5+ 36.Qg3 Qxg3+ 37.fxg3 Be5 38.Re2 Rd3 39.Rh3 Bd6 40.Rxe7 
Bxe7 41.g4 Rxh3 42.Kxh3 Bd6 43.Kg2 a5 44.Bd5 f5 45.gxf5 gxf5 46.Kf3 Kf6 
47.Bc6 b4 48.Ke3 Ke5 49.Kd3 Kf4 50.Bd7 Be5 51.Ke2 Ke4 52.Bc6+ Kd4 53.Kd2 
f4 54.Kc2 Ke3 55.Bb5 f3 56.Kd1 f2 57.Bf1 a4 58.Kc1 b3 59.Kb1 bxa2+ 60.Kxa2
Bd6 61.Bb5 Kd2 0-1

[Event "3rd EUR-ch"]
[Site "Batumi GEO"]
[Date "2002.06.18"]
[Round "7"]
[White "Gaprindashvili, Valerian"]
[Black "Kempinski, Robert"]
[Result "1-0"]
[WhiteElo "2476"]
[BlackElo "2570"]
[EventDate "2002.06.12"]
[PlyCount "119"]

1.d4 Nf6 2.c4 g6 3.g3 Bg7 4.Bg2 d5 5.cxd5 Nxd5 6.Nf3 Nb6 7.O-O Nc6 8.Nc3 
Nxd4 9.Nxd4 Qxd4 10.Nb5 Qc5 11.a4 Nxa4 12.Qxa4 Bd7 13.Bxb7 Bxb5 14.Be3 
Bxa4 15.Bxc5 Rb8 16.Bf3 Bb5 17.Rxa7 Be5 18.Ra5 c6 19.Ba7 Bc7 20.Rxb5 cxb5 
21.Bxb8 Bxb8 22.Bc6+ Kf8 23.Bxb5 Kg7 24.Bc4 Bd6 25.Ra1 h5 26.h4 Rc8 27.b3 
Rc5 28.Kg2 Re5 29.e3 Rc5 30.Ra7 Rc7 31.Ra6 Bc5 32.Kf3 Ra7 33.Rc6 Bd6 34.
Rb6 Ra2 35.Rb5 Kf6 36.e4 Bc7 37.Rc5 Bd6 38.Rc6 Rc2 39.b4 Ke5 40.b5 Rc3+ 
41.Kg2 f6 42.b6 Rc2 43.Kf3 Kd4 44.b7 Rb2 45.Bd5 g5 46.Rc4+ Ke5 47.Rc8 g4+ 
48.Ke3 f5 49.Rh8 e6 50.Re8 Bc5+ 51.Kd3 fxe4+ 52.Kc4 Bxf2 53.Bc6 Ba7 54.Ra8
Rc2+ 55.Kb5 Rb2+ 56.Ka4 e3 57.Rxa7 e2 58.Bb5 e1=Q 59.b8=Q+ Kd4 60.Qd6+ 1-0

[Event "3rd EUR-ch"]
[Site "Batumi GEO"]
[Date "2002.06.18"]
[Round "7"]
[White "Popov, Valery"]
[Black "Bagaturov, Giorgi"]
[Result "1/2-1/2"]
[WhiteElo "2575"]
[BlackElo "2434"]
[EventDate "2002.06.12"]
[PlyCount "52"]

1.Nf3 Nf6 2.c4 b6 3.g3 Bb7 4.Bg2 e6 5.O-O Be7 6.Nc3 O-O 7.Re1 d5 8.cxd5 
exd5 9.d4 Nbd7 10.Bf4 c5 11.dxc5 Bxc5 12.Na4 Ne4 13.Nxc5 Ndxc5 14.Rc1 Ne6 
15.Be5 Qe7 16.b3 Rac8 17.Bb2 Rxc1 18.Qxc1 Rc8 19.Qa1 Rc2 20.Nd4 Nxd4 21.
Bxd4 f6 22.Rc1 Rxe2 23.Be3 Nxg3 24.hxg3 Rxe3 25.fxe3 Qxe3+ 26.Kh2 Qh6+ 
1/2-1/2

[Event "3rd EUR-ch"]
[Site "Batumi GEO"]
[Date "2002.06.18"]
[Round "7"]
[White "Arutinian, David"]
[Black "Gelashvili, Tamaz"]
[Result "0-1"]
[WhiteElo "2427"]
[BlackElo "2547"]
[EventDate "2002.06.12"]
[PlyCount "76"]

1.e4 Nc6 2.d4 d5 3.e5 Bf5 4.c3 e6 5.Bd3 Nge7 6.Ne2 Qd7 7.O-O Bxd3 8.Qxd3 
Nf5 9.g4 Nh4 10.Ng3 O-O-O 11.Bg5 Be7 12.Bxh4 Bxh4 13.Nd2 f6 14.f4 fxe5 15.
fxe5 Bxg3 16.Qxg3 h5 17.g5 Ne7 18.Nf3 Nf5 19.Qf4 h4 20.a4 Qe7 21.b4 Rdf8 
22.Qd2 Qe8 23.Rae1 Qh5 24.Qg2 h3 25.Qd2 Ne7 26.Qe2 Ng6 27.Rf2 Rf5 28.Nd2 
Qxg5+ 29.Kh1 Nf4 30.Qf1 Qg2+ 31.Rxg2 hxg2+ 32.Qxg2 Nxg2 33.Kxg2 Rg5+ 34.
Kh1 Rg3 35.Nb1 g5 36.Rg1 Rxg1+ 37.Kxg1 Rh3 38.Kg2 Rd3 0-1

[Event "3rd EUR-ch"]
[Site "Batumi GEO"]
[Date "2002.06.18"]
[Round "7"]
[White "Goloshchapov, Alexander"]
[Black "Danner, Georg"]
[Result "1-0"]
[WhiteElo "2543"]
[BlackElo "2407"]
[EventDate "2002.06.12"]
[PlyCount "73"]

1.e4 c5 2.Nf3 d6 3.d4 cxd4 4.Nxd4 Nf6 5.Nc3 a6 6.Be3 e5 7.Nb3 Be6 8.f3 Be7
9.Qd2 O-O 10.O-O-O Nbd7 11.g4 b5 12.g5 b4 13.Ne2 Ne8 14.h4 a5 15.Kb1 Nc7 
16.f4 a4 17.Nbc1 exf4 18.Nxf4 b3 19.cxb3 axb3 20.a3 Ra4 21.Nxe6 fxe6 22.
Nxb3 Qa8 23.Qc2 Ne5 24.Rd4 Rb8 25.Ka2 Nc6 26.Rxa4 Qxa4 27.Bd2 d5 28.Bd3 
Bb4 29.exd5 Nxd5 30.Bxh7+ Kh8 31.Qe4 Ra8 32.Bg6 Qa6 33.Bxb4 Ncxb4+ 34.Ka1 
Qa4 35.Qf3 Rc8 36.Rf1 Ne7 37.Qh5+ 1-0

[Event "3rd EUR-ch"]
[Site "Batumi GEO"]
[Date "2002.06.18"]
[Round "7"]
[White "Bagirov, Rufat"]
[Black "Jojua, Davit"]
[Result "1/2-1/2"]
[WhiteElo "2516"]
[BlackElo "2125"]
[EventDate "2002.06.12"]
[PlyCount "113"]

1.d4 Nf6 2.c4 g6 3.Nc3 Bg7 4.e4 d6 5.Be2 O-O 6.Bg5 c5 7.d5 b5 8.cxb5 a6 9.
a4 Qa5 10.Bd2 axb5 11.Bxb5 Ba6 12.Nge2 Nbd7 13.O-O Qb6 14.Qc2 Ne5 15.b3 
Ne8 16.Bxa6 Rxa6 17.Nb5 Nd7 18.Rab1 Nc7 19.Na3 Rfa8 20.Nc4 Qb7 21.f4 Nf6 
22.Bc3 e6 23.dxe6 Nxe6 24.Ng3 d5 25.exd5 Qxd5 26.Rbd1 Nd4 27.Bxd4 cxd4 28.
Rfe1 Qc5 29.Qd3 Nd5 30.Ne4 Qb4 31.g3 f5 32.Ned2 Rb8 33.Kg2 Qb7 34.Qf3 Qd7 
35.Kh1 Re6 36.Rxe6 Qxe6 37.Nb2 Nc3 38.Rf1 Qe3 39.Nbc4 Qe6 40.Kg2 h6 41.h3 
Kh7 42.a5 Nd5 43.Kh2 Ne3 44.Rf2 Re8 45.Qb7 Nd1 46.Rg2 Re7 47.Qb6 Qe1 48.
Nf3 Qf1 49.Ncd2 Qd3 50.Ne5 Bxe5 51.fxe5 Ne3 52.Qb4 Rg7 53.Rf2 Nd1 54.Rg2 
Nc3 55.Rf2 Nd1 56.Rg2 Nc3 57.Rf2 1/2-1/2

[Event "3rd EUR-ch"]
[Site "Batumi GEO"]
[Date "2002.06.18"]
[Round "7"]
[White "Petrov, Marijan"]
[Black "Asylguzhin, Radik"]
[Result "1-0"]
[WhiteElo "2469"]
[BlackElo "2387"]
[EventDate "2002.06.12"]
[PlyCount "57"]

1.e4 e5 2.Nf3 d6 3.d4 Nd7 4.Bc4 c6 5.O-O Be7 6.a4 h6 7.Nc3 Ngf6 8.Re1 a5 
9.h3 Qc7 10.Ba2 Nf8 11.Nh4 g6 12.f4 exf4 13.Bxf4 Nh5 14.Rf1 Bxh4 15.Bh2 
Be6 16.d5 cxd5 17.exd5 Bc8 18.Qd4 Qc5 19.Qxc5 dxc5 20.Nb5 Ra6 21.Nc7+ Kd8 
22.Nxa6 bxa6 23.Rxf7 Bg3 24.Ra7 Rh7 25.Rf1 Nd7 26.d6 Bxh2+ 27.Kxh2 Nhf6 
28.Be6 Ne4 29.Bxd7 1-0